000 00466 a2200169 4500
003 OSt
005 20231207140748.0
008 231207b |||||||| |||| 00| 0 eng d
020 _a8189645463
020 _a9788189920128
040 _coclc
082 _a958.5
_bSYE/W
245 _aWorld infopaedia : Turkmenistan /
260 _aNew Delhi:
_bPragun publications,
_c2007.
300 _a306p
942 _2ddc
_cBK
_h958.5
_iSYE/W
_k958.5
_mSYE/W
999 _c43738
_d43738